| Tag |
First Indicator |
Second Indicator |
Subfields |
| LEADER |
00000cam a2200000Ii 4500 |
| 001 |
in00003481621 |
| 005 |
20151206100040.0 |
| 008 |
140325s2014 enkab b 000 0 eng d |
| 010 |
|
|
|a 2013496935
|
| 016 |
7 |
|
|a 016651839
|2 Uk
|
| 020 |
|
|
|a 9781407312330
|
| 020 |
|
|
|a 1407312332
|
| 035 |
|
|
|a (OCoLC)ocn874754895
|
| 040 |
|
|
|a SUC
|c SUC
|d UKMGB
|d DLC
|d TXA
|d UtOrBLW
|
| 043 |
|
|
|a a-mk---
|
| 049 |
|
|
|a TXAM
|
| 050 |
|
4 |
|a DS247.O63
|b H55 2014
|
| 100 |
1 |
|
|a Hilbert, Yamandú Hieronymus,
|e author.
|
| 245 |
1 |
0 |
|a Khashabian :
|b a late paleolithic industry from Dhofar, Southern Oman /
|c Yamandú Hieronymus Hilbert.
|
| 264 |
|
1 |
|a Oxford :
|b Archaeopress,
|c 2014.
|
| 264 |
|
4 |
|c ©2014
|
| 300 |
|
|
|a x, 205 pages :
|b illustrations, maps ;
|c 30 cm.
|
| 336 |
|
|
|a text
|b txt
|2 rdacontent
|
| 337 |
|
|
|a unmediated
|b n
|2 rdamedia
|
| 338 |
|
|
|a volume
|b nc
|2 rdacarrier
|
| 490 |
1 |
|
|a British Foundation for the Study of Arabia monographs ;
|v no. 15
|
| 490 |
1 |
|
|a BAR international series ;
|v 2601
|
| 504 |
|
|
|a Includes bibliographical references (pages 189-205) and index.
|
| 650 |
|
0 |
|a Paleolithic period
|z Oman
|z Dhofar.
|
| 651 |
|
0 |
|a Dhofar (Oman)
|x Antiquities.
|
| 830 |
|
0 |
|a BAR international series ;
|v 2601.
|
| 830 |
|
0 |
|a British Foundation for the Study of Arabia monographs ;
|v no. 15.
|
| 948 |
|
|
|a cataloged
|b h
|c 2014/4/16
|d c
|e ceaton
|f 2:04:21 pm
|
| 994 |
|
|
|a C0
|b TXA
|
| 999 |
|
|
|a MARS
|
| 999 |
f |
f |
|s efe09699-03ec-3368-8728-9df1eae17cb2
|i 91935fce-c23b-3569-82d7-34832012b45d
|t 0
|
| 952 |
f |
f |
|p normal
|a Texas A&M University
|b College Station
|c Sterling C. Evans Library
|d Evans: Library Stacks
|t 0
|e DS247.O63 H55 2014
|h Library of Congress classification
|i unmediated -- volume
|m A14842383409
|
| 998 |
f |
f |
|a DS247.O63 H55 2014
|t 0
|l Evans: Library Stacks
|